000 01832nam a2200457 i 4500
001 8013
003 KOSZ 005
005 20230209150003.0
008 081125s1951 pl a g 001 0 pol
015 _aPB 1951/2733
040 _aWA N
_cWA N
_dKOSZ 005/RW
_dKOSZ 005/HR
041 1 _apol
_hger
046 _k1951
080 _a330
080 _a335.5
100 1 _aMarx, Karl
_d(1818-1883)
_eAutor
245 1 0 _aKapitał :
_bkrytyka ekonomii politycznej.
_nT. 1, Ks. 1,
_pProces wytwarzania kapitału /
_cKarol Marks ; [redakcja Paweł Hoffman, Bronisław Minc i Edward Lipiński ; przedm. F. Engels].
246 1 _iTytuł oryginału:
_aKapital :
_bKritik der politischen Ökonomie.
246 3 0 _aProces wytwarzania kapitału.
250 _aWydanie 3.
260 _aWarszawa :
_b"Książka i Wiedza",
_c1951.
300 _a[8], 854 strony, [5] kart tablic :
_bilustracje ;
_c25 cm.
336 _aTekst
_btxt
_2rdacontent
337 _aBez urządzenia pośredniczącego
_bn
_2rdamedia
338 _aWolumin
_bnc
_2rdacarrier
380 _aKsiążki.
388 _a1801-1900
500 _aTytuł oryginału: Das Kapital : Kritik der politischen Ökonomie.
504 _aIndeks.
658 _aGospodarka, ekonomia, finanse
650 4 _aEkonomia
650 4 _aMarksizm
650 4 _aKapitał
700 1 _aHoffman, Paweł
_d(1903-1978).
_eRedakcja
700 1 _aMinc, Bronisław
_d(1913-2004).
_eRedakcja
710 2 _aSpółdzielnia Wydawniczo-Handlowa "Książka i Wiedza"
_4pbl.
700 1 _aLipiński, Edward
_d(1888-1986)
_eRedakcja
700 1 _aEngels, Friedrich
_d(1820-1895)
_ePrzedmowa
856 _uhttp://koha.tu.koszalin.pl/cgi-bin/koha/opac-detail.pl?biblionumber=8013
_yKatalog online BPK
942 _2UKD
_cKS
999 _c8013
_d8013